University to state (US) - Statistics

General Stats
  • This quiz has been taken 66 times
  • The average score is 46 of 50
Answer Stats
Uni/College State % Correct
2) Uconn Connecticut
100%
31) Yale Connecticut
100%
41) Wesleyan University Connecticut
100%
3) Univ of Miami Florida
98%
18) Atlantis University Florida
98%
4) Texas Christian Univ Texas
98%
15) Baylor Texas
98%
29) Univ of the Incarnate Word Texas
98%
20) Tufts University Massachusetts
97%
42) Northeastern Massachusetts
97%
47) MIT Massachusetts
97%
6) Seton Hall New Jersey
97%
50) Princeton New Jersey
97%
5) St Johns New York
97%
32) Cornell New York
97%
48) Marist College New York
97%
22) UCLA California
95%
30) Northwestern Illinois
95%
1) Auburn Alabama
94%
11) Duke North Carolina
94%
26) Wake Forest North Carolina
94%
34) Appalachian State North Carolina
94%
17) Univ of Tulsa Oklahoma
94%
24) Villanova Pennsylvania
94%
27) Temple Pennsylvania
94%
46) Carnegie Mellon Pennsylvania
94%
7) American Univ Washington DC
94%
9) Grand Canyon Univ Arizona
92%
35) Univ of the Cumberlands Kentucky
92%
39) Louisville Kentucky
92%
33) Johns Hopkins Maryland
92%
28) Brigham Young Utah
92%
23) Gonzaga Washington
92%
19) University of the Rockies Colorado
90%
16) Tulane Louisiana
90%
21) St Louis Univ Missouri
90%
44) Dartmouth University New Hampshire
89%
43) Brown University Rhode Island
89%
36) Xavier Ohio
87%
10) Clemson South Carolina
87%
25) Old Dominion Virginia
87%
49) College of William & Mary Virginia
87%
38) Univ of the Ozarks Arkansas
86%
13) Butler Indiana
86%
45) Univ of New England Maine
84%
37) Fort Hays State Kansas
81%
14) Creighton Nebraska
81%
40) Black Hills State South Dakota
79%
8) Austin Peay State Tennessee
79%
12) Marquette Wisconsin
79%
No matching quizzes found
Score Distribution
Percent of People with Each Score
Percentile by Number Answered
Your Score History
You have not taken this quiz